| Tag |
First Indicator |
Second Indicator |
Subfields |
| LEADER |
00000cam a2200000 a 4500 |
| 001 |
in00000008209 |
| 005 |
20151002080013.0 |
| 008 |
860904r1986 cau b 00010 eng |
| 010 |
|
|
|a 86022934
|
| 020 |
|
|
|a 015173948X
|
| 020 |
|
|
|a 0156738406 (A Harvest/HBJ book : pbk.)
|
| 035 |
|
|
|a (OCoLC)14240103
|
| 035 |
|
|
|9 AAA0575AM
|
| 040 |
|
|
|a DLC
|c DLC
|d m/c
|d TXA
|d UtOrBLW
|
| 050 |
0 |
0 |
|a PR6023.E926
|b P74 1986
|
| 100 |
1 |
|
|a Lewis, C. S.
|q (Clive Staples),
|d 1898-1963.
|
| 245 |
1 |
0 |
|a Present concerns /
|c C.S. Lewis ; edited by Walter Hooper.
|
| 250 |
|
|
|a 1st American ed.
|
| 264 |
|
1 |
|a San Diego :
|b Harcourt Brace Jovanovich,
|c [1986]
|
| 264 |
|
4 |
|c ©1986
|
| 300 |
|
|
|a 108 pages ;
|c 22 cm.
|
| 336 |
|
|
|a text
|b txt
|2 rdacontent
|
| 337 |
|
|
|a unmediated
|b n
|2 rdamedia
|
| 338 |
|
|
|a volume
|b nc
|2 rdacarrier
|
| 504 |
|
|
|a Includes bibliographical references.
|
| 700 |
1 |
|
|a Hooper, Walter.
|
| 999 |
|
|
|a MARS
|
| 999 |
f |
f |
|s 964a578d-b0ac-30f6-84eb-b0cffb0c0430
|i bded46f0-c985-32a9-beb0-368babcf1cb5
|t 0
|
| 952 |
f |
f |
|p normal
|a Texas A&M University
|b College Station
|c Sterling C. Evans Library
|d Evans: Library Stacks
|t 0
|e PR6023.E926 P74 1986
|h Library of Congress classification
|i unmediated -- volume
|m A14812627865
|
| 998 |
f |
f |
|a PR6023.E926 P74 1986
|t 0
|l Evans: Library Stacks
|